| LEADER |
00801nam0a2200193 450 |
| 001 |
16824017 |
| 010 |
|
|
|a 978-2-218-97031-3
|d 4,99
|
| 100 |
|
|
|a 20160407d2012 u u0frey01 ba
|
| 200 |
0 |
|
|a Ulysse prisonnier du cyclope
|f texte d'Homère adapté par Hélène Kérillis
|g illustré par Grégoire Vallancien
|
| 207 |
|
1 |
|a
|
| 210 |
|
|
|a Paris
|b 8 rue d'Assas.
|c Hatier
|d 2012
|
| 215 |
|
|
|a 1 vol. (43 p.])
|c ill. en coul., couv. ill. en coul.
|d 19 cm
|
| 225 |
1 |
|
|a Hatier poche
|i ma première mythologie
|v 114
|x 2100-2843
|
| 461 |
|
0 |
|t Ma première mythologie
|
| 700 |
|
0 |
|a Kérillis
|b Hélène
|f 1951-....
|4 70
|
| 701 |
|
0 |
|a Homère
|f 08..?-08..? av. J.-C.
|4 100
|
| 900 |
|
|
|a Roman enfant
|
| 901 |
|
|
|a Accessible au prêt
|
| 995 |
|
|
|a Bibliothèque
|c Bibliothèque
|f 024016908
|h 024016908
|k E C2 KER
|o p
|q j
|r az
|e Bibliothèque
|